000
00157nam a22000857a 4500
082
_a
823
100
_a
SHANKAR
245
_a
TREASURY OF INDIAN TALES
942
_c
BK
999
_c
8352
_d
8352